Central Library OPAC University of Rajshahi

مبادی العربیہ فی الصرف والنحو ;; Mabadi al-Arabiya fi al-Saraf wa al Nahu / (Record no. 84295)

MARC details
000 -LEADER
fixed length control field 00617nam a22002057a 4500
001 - CONTROL NUMBER
control field 84295
003 - CONTROL NUMBER IDENTIFIER
rucl marc code BD-RjUL
005 - DATE AND TIME OF LATEST TRANSACTION
control field 20241113125544.0
008 - FIXED-LENGTH DATA ELEMENTS--GENERAL INFORMATION
fixed length control field 241113s1912 bg ||||| |||| 00| 0 ara d
035 ## - SYSTEM CONTROL NUMBER
System control number (BD-RjUL)84295
040 ## - CATALOGING SOURCE
Original cataloging agency BD-RjUL
Language of cataloging eng
Transcribing agency BD-RjUL
041 ## - LANGUAGE CODE
Language code of text/sound track or separate title urd
082 ## - DEWEY DECIMAL CLASSIFICATION NUMBER
Edition number 23
Classification number 892.75
Author mark and year RAM 1912
245 ## - TITLE STATEMENT
Title مبادی العربیہ فی الصرف والنحو ;; Mabadi al-Arabiya fi al-Saraf wa al Nahu /
Statement of responsibility, etc. رشید الرلونی ;; Rashidur Ralawni
260 ## - PUBLICATION, DISTRIBUTION, ETC. (IMPRINT)
Place of publication, distribution, etc. Dhaka :
Name of publisher, distributor, etc. Arafat Pub,
Date of publication, distribution, etc. 1921
300 ## - PHYSICAL DESCRIPTION
Pagination V. ,
Size 22 cm
505 ## - FORMATTED CONTENTS NOTE
Formatted contents note Vol. 4.--
650 ## - SUBJECT ADDED ENTRY--TOPICAL TERM
Topical term or geographic name as entry element Arabic Grammar
942 ## - ADDED ENTRY ELEMENTS (KOHA)
Source of classification or shelving scheme Dewey Decimal Classification
Koha item type Books
Holdings
Lost status Source of classification or shelving scheme Damaged status Not for loan Collection code Permanent Location Current Location Shelving location Date acquired Full call number Date last seen Copy number Koha item type
  Dewey Decimal Classification   Not For Loan Non-fiction Central Library, University of Rajshahi Central Library, University of Rajshahi Reading Room 13/11/2024 A 892.75 RAM V-4 1912 13/11/2024 C-1 Books